Statistiques concernant Set 4: Tft

Cliquez ici pour prendre le quiz!

Statistiques générales

  • Ce quiz a été pris 32 fois
    (29 depuis la dernière actualisation)
  • Le résultat moyen est 85 sur 148

Statistiques - réponses

HintRéponse% Correct
Fanatiques | Tireurs d'EliteJhin
82%
Duelistes | ExilésYasuo
82%
Assassins | NinjasAkali
73%
Mages | NantisAnnie
73%
Chasseurs | SélénitesAphélios
73%
Chasseurs | SylvestresAshe
73%
SynergieAssassins
73%
Empereur | Maîtres de Guerre | SentinellesAzir
73%
Assassins | SélénitesDiana
73%
Fanatiques | SentinellesElise
73%
Initiateurs | Maîtres de GuerreGaren
73%
Adeptes | Etres Divins | SagesIrélia
73%
Maîtres de Guerre | SentinellesJarvan IV
73%
Duelistes | Etres DivinsJax
73%
SynergieMages
73%
SynergieNinjas
73%
Etres du Crépuscule | SentinellesRiven
73%
Adeptes | Mystiques | NinjasShen
73%
Adeptes | ExilésYone
73%
Ninjas | OmbresZed
73%
Fanatiques | InitiateursAatrox
64%
Esprits | MagesAhri
64%
Envoûteurs | Etres du Crépuscule | MystiquesCassiopeia
64%
Fanatiques | OmbresEvelynn
64%
SynergieExilés
64%
Duelistes | SagesFiora
64%
Mystiques | SagesJanna
64%
Nantis | Tireurs d'EliteJinx
64%
Assassins | Maîtres de Guerre | NantisKatarina
64%
Ombres | TourmentésKayn
64%
Ninjas | SentinellesKennen
64%
Chasseurs | EspritsKindred
64%
Etres du Crépuscule | MagesLilia
64%
Bagarreurs | SylvestresMaokaï
64%
Maîtres de Guerre | Tireurs d'EliteNidalee
64%
Initiateurs | NantisSejuani
64%
Bagarreurs | Le PatronSett
64%
Esprits | Tireurs d'EliteTeemo
64%
Etres du Crépuscule | InitiateursThresh
64%
Etres du Crépuscule | Tireurs d'EliteVayne
64%
Mages | SylvestresVeigar
64%
Bagarreurs | Chasseurs | Etres DivinsWarwick
64%
Duelistes | Maîtres de GuerreXin Zhao
64%
Fanatiques | MystiquesZilean
64%
SynergieBagarreurs
55%
SynergieDuelistes
55%
Envoûteurs | SylvestresEzreal
55%
Initiateurs | SylvestresHecarim
55%
Duelistes | FanatiquesKalista
55%
Mages | SylvestresLulu
55%
Envoûteurs | Etres DivinsLux
55%
Envoûteurs | SagesMorgana
55%
SynergieMystiques
55%
Bagarreurs | SélénitesSylas
55%
Bagarreurs | NantisTahm Kench
55%
Fanatiques | MagesTwisted Fate
55%
Bagarreurs | Maîtres de GuerreVi
55%
Etres Divins | InitiateursWukong
55%
Esprits | MystiquesYuumi
55%
SynergieEsprits
45%
Duelistes | Etres DivinsLee sin
45%
Mages | SagesNami
45%
SynergieOmbres
45%
Assassins | FanatiquesPyke
45%
Assassins | SagesTalon
45%
Envoûteurs | SélénitesLissandra
36%
SynergieNantis
36%
Bagarreurs | SylvestresNunu
36%
SynergieSentinelles
36%
SynergieAdeptes
27%
SynergieEtres Divins
27%
SynergieLe Patron
27%
SynergieMaîtres de Guerre
27%
SynergieSages
27%
SynergieChasseurs
18%
SynergieEmpereurs
18%
SynergieSylvestres
18%
SynergieEnvoûteurs
9%
SynergieEtres du Crépuscule
9%
SynergieTireurs d'Elite
9%
SynergieFanatiques
0%
SynergieInitiateurs
0%
SynergieSélénites
0%
SynergieTourmentés
0%

Distribution des résultats

Percentile par nombre de réponses

% des personnes avec chaque résultat

Votre développement - résultats

Vous n’avez pas pris ce quiz depuis la dernière actualisation